History Quiz

Random History or Politics Quiz
Score 0/30 Timer 07:00
0 Plays Today
The very last... Answer % Correct
U.S. President to die in office?John F. Kennedy
95.4%
State to join the United States?Hawaii
86.4%
Team to win the World Series three consecutive years?New York Yankees
71.5%
Word in the Star Spangled Banner (1st verse)?Brave
64.2%
Tsar of Russia?Nicholas II
57.9%
Kaiser of Germany?Wilhelm II
55.2%
Country to win back-to-back FIFA men's World Cups?Brazil
53.3%
Confederate state readmitted to the Union?Georgia
45.9%
Book of the Bible (New Testament)?Revelation
44.6%
Country to the join the United Nations (full member)?South Sudan
38.1%
Movie directed by Stanley Kubrick?Eyes Wide Shut
33.7%
Pope from Italy?John Paul I
33.1%
President born before the American Revolution?William Henry Harrison
29.3%
Album released by the Beatles?Let it Be
27%
Word in the movie version of 'Gone With the Wind'?Day
26.8%
The very last... Answer % Correct
U.S. President from the Whig Party?Millard Fillmore
24.6%
Soviet citizen to win the Nobel Peace Prize?Mikhail Gorbachev
20.8%
Former Soviet republic to declare independence?Kazakhstan
17.3%
Shakespeare play?The Tempest
15.1%
Movie (feature length) to credit Paul Newman?Cars
14.4%
Rodgers and Hammerstein musical?The Sound of Music
11.7%
Disney animated film produced by Walt Disney?The Jungle Book
10.8%
Monarch of the Kingdom of England?Queen Anne
10.3%
Movie for which John Williams won an Academy Award?Schindler's List
9.8%
US (Billboard pop) #1 single for Elvis Presley?Suspicious Minds
9%
Human to walk on the moon?Gene Cernan
4.7%
James Bond book written by Ian Fleming?The Man with the Golden Gun
4.4%
Musical for which Andrew Lloyd Webber won a Tony award?Sunset Boulevard
3.1%
Nation to leave the Commonwealth of Nations?The Gambia
2%
Person to win multiple Nobel Prizes?Frederick Sanger
1%
Remove Ads.
Support Sporcle.
Get the best of Sporcle when you Go Orange. This ad-free experience offers more features, more stats, and more fun while also helping to support Sporcle. Thank you for becoming a member.

You're not logged in!

Compare scores with friends on all Sporcle quizzes.
OR
Log In

Show Comments

Extras

Top Quizzes Today


Score Distribution

Your Account Isn't Verified!

In order to create a playlist on Sporcle, you need to verify the email address you used during registration. Go to your Sporcle Settings to finish the process.

Report this User

Report this user for behavior that violates our Community Guidelines.

Details: